Ballon d'Or 1989 - Statistiken

Allgemein
  • Dieses Quiz wurde 21 mal gespielt
  • Das Durchschnittsergebnis liegt bei 12 aus 30
Antwortstatistiken
Hint Spieler Verein/e Nation Punkte % Korrekt
1. Marco van Basten AC Mailand Niederlande 119
95%
7. Ruud Gullit AC Mailand Niederlande 16
90%
8. Jürgen Klinsmann VfB Stuttgart/Inter Mailand Deutschland 11
85%
4. Lothar Matthäus Inter Mailand Deutschland 24
85%
14. Andreas Brehme Inter Mailand Deutschland 3
75%
23. Gary Lineker FC Barcelona/Tottenham Hotspur England 1
65%
8. Gheorghe Hagi Steaua Bukarest Rumänien 11
65%
3. Frank Rijkaard AC Mailand Niederlande 43
60%
23. Paolo Maldini AC Mailand Italien 1
60%
10. Jean-Pierre Papin Olympique Marseille Frankreich 10
55%
2. Marco Baresi AC Mailand Italien 80
55%
14. Karl-Heinz Riedle SV Werder Bremen Deutschland 3
50%
23. Thomas Hässler 1.FC Köln Deutschland 1
50%
23. Ronald Koeman Eindhoven/FC Barcelona Niederlande 1
45%
17. Andreas Möller Borussia Dortmund Deutschland 2
40%
10. Michel Preud'homme KV Mechelen Belgien 10
40%
23. Gianluca Vialli Sampdoria Genua Italien 1
30%
17. John Barnes FC Liverpool England 2
30%
5. Peter Shilton Derby County England 22
25%
13. Míchel Real Madris Spanien 5
15%
23. Oleksandr Zavarov Juventus Turin Sowjetuinion 1
15%
14. Paulo Futre Atlético Madrid Portugal 3
15%
6. Dragan Stojkovic Roter Stern Belgrad Jugoslawien 19
10%
17. Glenn Hysén AC Florenz/FC Liverpool Schweden 2
5%
17. Julio Salinas FC Barcelona Spanien 2
5%
17. Oleh Kuznetsov FC Dynamo Kiew Sowjetuinion 2
5%
12. Oleksiy Mykhaylychenko FC Dynamo Kiew Sowjetunion 6
5%
17. Packie Bonner Celtic Glasgow Irland 2
5%
23. Robby Langers US Orléans/OGC Nizza Luxemburg 1
0%
23. Theo Snelders AFC Aberdeen Niederlande 1
0%
Keine übereinstimmenden Quizze gefunden
Verteilung der Resultate
Anzahl Personen mit jedem Resultat
Perzentil nach korrekt beantworteten Fragen
Ihre Resultats-Entwicklung
Sie haben dieses Quiz noch nicht gespielt